| 000 | 00586nam a2200217 a 4500 | ||
|---|---|---|---|
| 005 | 20210219153340.0 | ||
| 008 | 991125n 000 0 eng u | ||
| 035 | _aUPN01000093002 | ||
| 100 | 1 | _aWildavsky, Aaron | |
| 222 | _aACADEMIC QUESTIONS | ||
| 245 | _aPolitically correct hiring will destroy higher education | ||
| 260 | _aEUA | ||
| 300 | _a77-79 | ||
| 362 | 0 | _a1993-1994 Vol. 7, no. 1, invierno | |
| 653 | 0 | _aCALIDAD EDUCATIVA | |
| 653 | 0 | _aEDUCACION SUPERIOR | |
| 653 | 0 | _aESTADOS UNIDOS DE AMERICA | |
| 653 | 0 | _aRAZAS | |
| 904 |
_aAC _b030813 |
||
| 905 | _aArticulo | ||
| 999 |
_c74531 _d74531 |
||